| 000 | 01062nam a2200301 a 4500 | ||
|---|---|---|---|
| 001 | 000025298 | ||
| 003 | OSt | ||
| 005 | 20240302073950.0 | ||
| 008 | 110214s2003 dr a 001 0bspa d | ||
| 020 | _a9993476994 | ||
| 040 |
_aDO-SdBNP _bspa _cBNPHU |
||
| 082 |
_a923.31 _bB142c |
||
| 100 | 1 |
_aCassá, Roberto, _d1948- _910888 |
|
| 245 | 1 | 0 |
_aMauricio Báez : _blíder del proletario / _cRoberto Cassá ; ilustraciones Ramiro Manzano. |
| 260 |
_aSanto Domingo : _bAlga y Omega : _bTobogan, _c2003. |
||
| 300 |
_a57 p. : _bil. ; _c21 cm. |
||
| 490 | 1 | _aBiografías dominicanas | |
| 504 | _aBibliografía: p. 57 | ||
| 590 | _aInventariado, 2020 / DG | ||
| 600 | 1 | 4 |
_aBÁEZ, MAURICIO _d1910-1950 _951822 |
| 650 | 4 |
_aLideres obreros _zRepública Dominicana _951823 |
|
| 650 | 4 |
_aTrabajo y trabajadores _zRepública Dominicana _97272 |
|
| 650 | 4 |
_aSindicatos _xActividad política _zRepública Dominicana _951824 |
|
| 700 | 1 |
_aManzano, Ramiro _eil. _9768 |
|
| 830 | 0 |
_aBiografías dominicanas _951825 |
|
| 910 | _aValidado. Control de calidad | ||
| 942 |
_2ddc _cLBS1 |
||
| 999 |
_c24791 _d24791 |
||